Corporate responsibility and labour rights (Record no. 81543)
[ view plain ]
| 000 -LEADER | |
|---|---|
| fixed length control field | 01489nam a2200373Ia 4500 |
| 082 04 - DEWEY DECIMAL CLASSIFICATION NUMBER | |
| Classification number | 331.25/98 |
| 245 00 - TITLE STATEMENT | |
| Title | Corporate responsibility and labour rights |
| 260 ## - PUBLICATION, DISTRIBUTION, ETC. (IMPRINT) | |
| Place of publication | London : |
| Name of publisher | Earthscan Publications, |
| Year of publication | c2002. |
| 300 ## - PHYSICAL DESCRIPTION | |
| Number of Pages | xvi, 232 p. |
| 650 #0 - SUBJECT ADDED ENTRY--TOPICAL TERM | |
| Topical Term | Social responsibility of business. |
| Topical Term | Industries |
| Topical Term | Industrial relations. |
| Topical Term | Employee rights. |
| 700 1# - ADDED ENTRY--PERSONAL NAME | |
| Personal name | Jenkins, Rhys Owen, |
| Personal name | Pearson, Ruth, |
| Personal name | Seyfang, Gill, |
| 856 40 - ELECTRONIC LOCATION AND ACCESS | |
| Uniform Resource Identifier | http://site.ebrary.com/lib/rucke/Doc?id=10128864 |
No items available.
